| 000 | 00483nam a2200157 a 4500 | ||
|---|---|---|---|
| 001 | 000034283 | ||
| 005 | 20200930073622.0 | ||
| 008 | 110929s2008 dr 000 0 spa d | ||
| 020 | _a9945861747 | ||
| 040 |
_aDO-SdBNP _bspa _cBNPHU |
||
| 100 | 1 |
_aPrintz, Thomas _959710 |
|
| 245 | 1 | 0 |
_aMeditazioni quotidiane / _cThomas Printz ; traduzione Mabell Guzmán ed Alessandro Paolina. |
| 260 |
_a[s.n.] : _bMetafisica Sentiero di Luce, _c2008. |
||
| 300 |
_a70 p. ; _c15 cm. |
||
| 049 | _aBNPD | ||
| 999 |
_c33774 _d33774 |
||